[Event "51st World Juniors"]
[Site "Athens GRE"]
[Date "2012.08.14"]
[Round "12.25"]
[White "Galopoulos, Nikolaos"]
[Black "Thavandiran, Shiyam"]
[Result "1-0"]
[BlackTitle "FM"]
[WhiteElo "2402"]
[BlackElo "2301"]
[WhiteFideId "4208951"]
[BlackFideId "2605058"]
[EventDate "2012.08.02"]

1. d4 e6 2. c4 Bb4+ 3. Nd2 Nf6 4. g3 c5 5. a3 Bxd2+ 6. Qxd2 Nc6 7. Nf3 cxd4 8.
Nxd4 Ne4 9. Nxc6 Nxd2 10. Nxd8 Nxc4 11. Nxf7 Kxf7 12. e4 d5 13. Be2 Bd7 14. O-O
Rac8 15. exd5 exd5 16. Rd1 Rhe8 17. Bh5+ g6 18. Bf3 Bc6 19. b3 Na5 20. b4 Nc4
21. Bf4 Rcd8 22. b5 Bxb5 23. Bxd5+ Kf6 24. h4 Rd7 25. a4 Ba6 26. Bf3 Rxd1+ 27.
Rxd1 Ne5 28. Rd6+ Kf7 29. Bd5+ Kf8 30. Kg2 Ng4 31. Re6 Rxe6 32. Bxe6 Nf6 33.
Bd6+ Ke8 34. Bb8 Ke7 35. Bb3 b5 36. Bxa7 Bb7+ 37. Kf1 bxa4 38. Bxa4 Bf3 39. Bc5+
Ke6 40. Ke1 Ke5 41. Bf8 Ke6 42. Kd2 Bd5 43. Bd1 Kf7 44. Ba3 Be6 45. Bb2 h6 46.
Bd4 g5 47. Ke3 gxh4 48. gxh4 Ba2 49. Bc2 Bd5 50. Kf4 Ba2 51. Bf5 Bb3 52. Ke5 Ba2
53. Be3 Ng8 54. Bg4 Nf6 55. Be2 Ng8 56. Bh5+ Kg7 57. Bd4 Bf7 58. Be2 Bb3 59.
Kf5+ Kf7 60. Bh5+ Kf8 61. f4 Ne7+ 62. Kf6 Ng8+ 63. Ke5 Bf7 64. Bf3 Bb3 65. f5
Ke7 66. Bc5+ Kf7 67. Bh5+ Kg7 68. Bd4 Bf7 69. Be2 h5 70. f6+ Kh8 71. Be3 Kh7 72.
Bd3+ Kh8 73. Bf5 Bd5 74. Bg6 Nxf6 75. Kxf6 Bf7 76. Bxf7 1-0

[Event "51st World Juniors"]
[Site "Athens GRE"]
[Date "2012.08.14"]
[Round "12.26"]
[White "Anwesh, Upadhyaya"]
[Black "Arvola, Benjamin"]
[Result "0-1"]
[WhiteTitle "IM"]
[WhiteElo "2374"]
[BlackElo "2300"]
[WhiteFideId "5028949"]
[BlackFideId "1506536"]
[EventDate "2012.08.02"]

1. c4 g6 2. g3 c5 3. Bg2 Bg7 4. Nc3 Nc6 5. Nf3 e6 6. d3 Nge7 7. Bg5 h6 8. Bd2
O-O 9. Qc1 Kh7 10. a3 d5 11. Rb1 dxc4 12. dxc4 Bd7 13. b4 cxb4 14. axb4 Rc8 15.
Ne4 Nf5 16. O-O b6 17. e3 a5 18. Bc3 Nxb4 19. Bxg7 Nxg7 20. Rd1 f6 21. Qc3 Ne8
22. Qd4 Rf7 23. c5 e5 24. Qa1 bxc5 25. Bh3 c4 26. Rxd7 Rxd7 27. Bxd7 Qxd7 28.
Qxa5 Nd3 29. Qa6 c3 30. Qxf6 c2 31. Nfg5+ hxg5 32. Nxg5+ Kg8 33. Qxg6+ Kf8 34.
Qh6+ Qg7 35. Nh7+ Kg8 0-1

[Event "51st World Juniors"]
[Site "Athens GRE"]
[Date "2012.08.14"]
[Round "12.27"]
[White "Kigel, Dmytro"]
[Black "Soors, Stef"]
[Result "1/2-1/2"]
[WhiteTitle "FM"]
[BlackTitle "FM"]
[WhiteElo "2276"]
[BlackElo "2364"]
[WhiteFideId "14117932"]
[BlackFideId "209511"]
[EventDate "2012.08.02"]

1. d4 Nf6 2. c4 e6 3. Nc3 Bb4 4. e3 O-O 5. Ne2 c6 6. Ng3 d5 7. Qb3 Qe7 8. Bd2
Rd8 9. cxd5 exd5 10. Bd3 c5 11. dxc5 Nc6 12. O-O d4 13. exd4 Rxd4 14. Bb5 Bxc5
15. Bxc6 bxc6 16. Be3 Be6 17. Qc2 Rg4 18. Rfe1 Bb6 19. b3 Bc7 20. Rad1 Rg6 21.
Nf5 Qb4 22. Ne2 Bd5 23. Neg3 Bxg3 24. Nxg3 Ne4 25. Rf1 Qe7 26. Rd4 Nxg3 27. hxg3
h6 28. Ra4 a6 29. Qd3 Qb7 30. Rc1 Kh8 31. Rc5 Qe7 32. Rca5 Qe5 33. Rxa6 Rxa6 34.
Rxa6 f5 35. Ra4 Kh7 36. Kh2 Be4 37. Qd4 Qe8 38. Ra7 Rg4 39. Qd6 Bd5 40. Re7 Qh5+
41. Kg1 Rg6 1/2-1/2

[Event "51st World Juniors"]
[Site "Athens GRE"]
[Date "2012.08.14"]
[Round "12.28"]
[White "Hambleton, Aman"]
[Black "Griffiths, Ryan Rhys"]
[Result "1-0"]
[WhiteTitle "FM"]
[BlackTitle "FM"]
[WhiteElo "2244"]
[BlackElo "2362"]
[WhiteFideId "2606577"]
[BlackFideId "2502054"]
[EventDate "2012.08.02"]

1. d4 Nf6 2. c4 g6 3. Nc3 d5 4. cxd5 Nxd5 5. Bd2 Nb6 6. Nf3 Bg7 7. Qc1 Nc6 8.
Bh6 O-O 9. Bxg7 Kxg7 10. Qf4 Qd6 11. Qxd6 cxd6 12. d5 Ne5 13. Nd4 Bd7 14. e4
Rac8 15. Be2 f5 16. exf5 gxf5 17. f4 Nec4 18. Bxc4 Rxc4 19. Nde2 Be8 20. Rd1 Bf7
21. Rd3 a5 22. Kf2 Rb4 23. b3 Kf6 24. Rb1 a4 25. Ke3 Rc8 26. Rd4 Rxd4 27. Kxd4
Rc5 28. bxa4 Nxd5 29. Rxb7 Nxf4 30. Nxf4 Rc4+ 31. Kd3 Rxf4 32. Rc7 Rg4 33. a5
Rxg2 34. a6 Rg8 35. a7 Ra8 36. Na4 Bd5 37. Nb6 Be4+ 38. Ke3 Rg8 39. Rc4 Bb7 40.
Rb4 Ke6 41. a4 d5 42. Rh4 Kd6 43. Rh6+ Kc7 44. Kd4 f4 45. Kc5 Rg6 46. Nxd5+ Bxd5
47. Kxd5 Rg5+ 48. Ke6 Kb7 49. Rxh7 Kxa7 50. Rxe7+ Ka6 51. Kf6 Rh5 52. Re2 Ka5
53. Kg6 Rh8 54. Rf2 f3 55. Kg5 Kxa4 56. h4 Kb5 57. h5 Kc6 58. Rxf3 Kd6 59. Re3
Rg8+ 60. Kf6 Rg1 61. Rd3+ Kc6 62. h6 Rh1 63. Kg7 Rg1+ 64. Kh8 Rh1 65. Kh7 Rh2
66. Rg3 Kd7 67. Kg7 Re2 68. h7 Re7+ 69. Kh6 Re1 70. h8=Q 1-0

[Event "51st World Juniors"]
[Site "Athens GRE"]
[Date "2012.08.14"]
[Round "12.29"]
[White "Mihok, Oliver"]
[Black "Ladva, Ottomar"]
[Result "1-0"]
[WhiteTitle "IM"]
[WhiteElo "2456"]
[BlackElo "2153"]
[WhiteFideId "728012"]
[BlackFideId "4500024"]
[EventDate "2012.08.02"]

1. e4 c5 2. Nf3 e6 3. d4 cxd4 4. Nxd4 Nf6 5. Nc3 Nc6 6. Be2 Bb4 7. O-O d6 8.
Nxc6 bxc6 9. Na4 d5 10. e5 Nd7 11. f4 O-O 12. Be3 Be7 13. b3 c5 14. c4 d4 15.
Bf3 Rb8 16. Bd2 Qc7 17. Nb2 Bb7 18. Nd3 Bxf3 19. Qxf3 Qb7 20. Qe2 Qc6 21. Rae1
g6 22. g4 Kh8 23. Qg2 Qxg2+ 24. Kxg2 a5 25. Nb2 Bd8 26. Rf3 Bc7 27. g5 Ra8 28.
h4 Nb6 29. Nd3 Nd7 30. Rh1 a4 31. b4 Nb6 32. Rc1 cxb4 33. Bxb4 Rfc8 34. Bc5 Bd8
35. Rf2 Rc6 36. Rfc2 Rac8 37. Bxb6 Bxb6 38. c5 Ba5 39. Rc4 Bc3 40. Rxa4 Rb8 41.
h5 gxh5 42. Rh1 Kg7 43. Rxh5 Rcc8 44. Rh2 Kg6 45. Ra7 Ra8 46. Rxa8 Rxa8 47. Kf3
Ra3 48. Ke4 Ra5 49. f5+ Kxg5 50. fxe6 fxe6 51. c6 h5 52. c7 Ra8 53. Nf4 d3 54.
Nxe6+ Kg4 55. Rg2+ Kh4 56. Kf4 1-0

[Event "51st World Juniors"]
[Site "Athens GRE"]
[Date "2012.08.14"]
[Round "12.30"]
[White "Firat, Burak"]
[Black "Torres, Juan Camilo"]
[Result "1-0"]
[WhiteTitle "IM"]
[WhiteElo "2423"]
[BlackElo "2291"]
[WhiteFideId "6305881"]
[BlackFideId "4405790"]
[EventDate "2012.08.02"]

1. e4 c5 2. Nf3 e6 3. d4 cxd4 4. Nxd4 a6 5. Nc3 Qc7 6. Bd3 Nf6 7. f4 d6 8. Nf3
Nbd7 9. O-O Be7 10. Qe1 O-O 11. e5 Nd5 12. Nxd5 exd5 13. e6 Nc5 14. exf7+ Rxf7
15. Be2 Bf5 16. Nd4 Be4 17. Be3 Bf6 18. Qd2 Re8 19. Bg4 Bxd4 20. Bxd4 Ne6 21. c3
Nxd4 22. Qxd4 Qc5 23. Rad1 Rc7 24. Rf2 Qxd4 25. Rxd4 Rc4 26. Rfd2 Rxd4 27. Rxd4
Kf7 28. Kf2 b5 29. Bd1 Ke7 30. Bb3 Rf8 31. g3 g5 32. Bxd5 Bxd5 33. Rxd5 gxf4 34.
g4 Ke6 35. Rh5 Rf7 36. Kf3 Rc7 37. Kxf4 b4 38. cxb4 Rc4+ 39. Kf3 Rxb4 40. b3 Rb7
41. Ke3 Rc7 42. Kd3 Rf7 43. h3 Rf2 44. a4 Rf3+ 45. Kc4 Rf4+ 46. Kc3 Rf3+ 47. Kb4
Rf4+ 48. Ka5 Rf7 49. Kxa6 d5 50. Kb5 Rc7 51. Kb6 Rc3 52. Rxh7 Rxb3+ 53. Kc5 Rc3+
54. Kb4 d4 55. Rh8 Ke7 56. a5 Rc6 57. Kb5 Rc1 58. a6 1-0

[Event "51st World Juniors"]
[Site "Athens GRE"]
[Date "2012.08.14"]
[Round "12.31"]
[White "Nuri, Kambez"]
[Black "Mazur, Stefan"]
[Result "1/2-1/2"]
[WhiteTitle "FM"]
[BlackTitle "IM"]
[WhiteElo "2274"]
[BlackElo "2394"]
[WhiteFideId "1311433"]
[BlackFideId "14909332"]
[EventDate "2012.08.02"]

1. e4 c6 2. d4 d5 3. Nc3 dxe4 4. Nxe4 Bf5 5. Ng3 Bg6 6. Nf3 Nd7 7. Bc4 e6 8. O-O
Ngf6 9. Re1 Be7 10. Nh4 Nd5 11. Nxg6 hxg6 12. Qf3 N7f6 13. c3 Qc7 14. Bd2 Bd6
15. Bb3 Bf4 16. Rad1 Bxd2 17. Rxd2 O-O-O 18. Rde2 g5 19. Bxd5 cxd5 20. Nf1 Ne4
21. c4 Kb8 22. cxd5 exd5 23. Qf5 g6 24. Qe5 Qxe5 25. dxe5 Rhe8 26. Ne3 Rxe5 27.
Ng4 Ree8 28. Nh6 f6 29. Ng4 Rf8 30. Rd1 f5 31. Ne5 Rfe8 32. Nf7 Rc8 33. f3 Nf6
34. Red2 Re7 35. Nxg5 Kc7 36. Nh3 Rce8 37. Nf4 g5 38. Nxd5+ Nxd5 39. Rxd5 Rf8
40. Rc1+ Kb6 41. Rd6+ Kb5 42. Rcd1 b6 43. Rd7 Re2 44. R1d2 Re1+ 45. Kf2 Rh1 46.
h3 g4 47. Rd1 Rxd1 48. Rxd1 gxh3 49. gxh3 f4 50. Rd4 Kc5 51. Ra4 a5 52. h4 Kd5
53. Re4 b5 54. Ke2 Rg8 55. Kd3 Rf8 56. a3 Rf7 57. b3 Rf8 58. a4 b4 59. Rd4+ Ke5
60. Re4+ Kd5 61. Ke2 Rf7 62. Rc4 Rf8 63. Kd3 Rf7 64. h5 Rh7 65. Rxf4 Rxh5 66.
Rg4 Kc5 67. Rc4+ Kd5 68. Rc8 Ke6 69. Re8+ Kd6 70. Rf8 Rd5+ 71. Ke4 Rd1 72. Rf6+
Kd7 73. Rf5 Rb1 74. Rd5+ Ke6 75. Rd3 Re1+ 76. Kd4 Rc1 77. Re3+ Kd6 78. f4 Rf1
79. Re4 Rf3 80. Kc4 Kc6 81. Re6+ Kd7 82. Re4 Kc6 83. Re6+ Kd7 84. Rf6 Rc3+ 85.
Kb5 Rxb3 86. Kxa5 Rb1 87. Rb6 b3 88. Rb4 b2 89. Kb5 1/2-1/2

[Event "51st World Juniors"]
[Site "Athens GRE"]
[Date "2012.08.14"]
[Round "12.32"]
[White "De Filomeno, Simone"]
[Black "Sodikov, Ilyas"]
[Result "0-1"]
[WhiteTitle "FM"]
[WhiteElo "2358"]
[BlackElo "2234"]
[WhiteFideId "828688"]
[BlackFideId "13705490"]
[EventDate "2012.08.02"]

1. e4 c5 2. Nf3 Nf6 3. e5 Nd5 4. Nc3 e6 5. Nxd5 exd5 6. d4 Nc6 7. dxc5 Bxc5 8.
Be2 d6 9. exd6 Qxd6 10. O-O O-O 11. Ne1 Re8 12. Nd3 Nd4 13. Bg4 Bxg4 14. Qxg4
Re4 15. Qd1 Ne2+ 16. Kh1 Qxh2+ 0-1

[Event "51st World Juniors"]
[Site "Athens GRE"]
[Date "2012.08.14"]
[Round "12.33"]
[White "Gemy, Jose Daniel"]
[Black "Minko, Vladimir"]
[Result "1-0"]
[WhiteTitle "FM"]
[WhiteElo "2345"]
[BlackElo "2257"]
[WhiteFideId "3301478"]
[BlackFideId "24146706"]
[EventDate "2012.08.02"]

1. d4 Nf6 2. c4 c5 3. d5 e6 4. Nc3 exd5 5. cxd5 Bd6 6. e4 O-O 7. Nf3 Re8 8. Bd3
Bc7 9. O-O d6 10. h3 a6 11. a4 Nbd7 12. Bf4 Nf8 13. Bh2 Rb8 14. Nd2 Ng6 15. a5
Nd7 16. f4 Bxa5 17. Rxa5 Qxa5 18. Nc4 Qc7 19. e5 Rf8 20. Nxd6 c4 21. Nxc4 Nb6
22. Ne3 Qc5 23. Re1 Qb4 24. f5 Nf4 25. Be4 Qxb2 26. Qd4 Na4 27. Ned1 Nxc3 28.
Nxc3 Bxf5 29. Bxf4 Bxe4 30. Rxe4 Rbc8 31. Na4 Qb1+ 32. Kh2 b5 33. Nb6 Rc2 34.
Bg5 Qf1 35. Rg4 h5 36. Rg3 Re2 37. Bf6 g6 38. Qg1 Qf4 39. h4 b4 40. Bg5 Qf5 41.
Qa1 b3 42. Rxb3 Rxg2+ 43. Kxg2 Qc2+ 44. Kg1 Qxb3 45. Qd4 Qg3+ 46. Kf1 Re8 47.
Bf6 Qf3+ 48. Qf2 Qh1+ 49. Ke2 Qe4+ 50. Qe3 Qc2+ 51. Kf3 Qf5+ 52. Qf4 Qd3+ 53.
Kg2 Qe2+ 54. Qf2 Qe4+ 55. Kh3 Rxe5 56. Bxe5 Qxe5 57. Nd7 Qd4 58. Qxd4 1-0

[Event "51st World Juniors"]
[Site "Athens GRE"]
[Date "2012.08.14"]
[Round "12.34"]
[White "Ivekovic, Zvonimir"]
[Black "Potpara, Nikola"]
[Result "0-1"]
[WhiteElo "2320"]
[BlackElo "2201"]
[WhiteFideId "14511320"]
[BlackFideId "910058"]
[EventDate "2012.08.02"]

1. e4 c5 2. Nf3 e6 3. d4 cxd4 4. Nxd4 Nc6 5. Nc3 Qc7 6. Be3 Nf6 7. Qd2 a6 8.
O-O-O Be7 9. f3 O-O 10. g4 b5 11. g5 Ne8 12. h4 Ne5 13. h5 Bb7 14. g6 fxg6 15.
hxg6 Nxg6 16. Bd3 Bd6 17. Nce2 Ne5 18. Kb1 Nc4 19. Qc1 Nxe3 20. Qxe3 Bf4 21.
Nxf4 Qxf4 22. Qf2 g6 23. Rh4 Qd6 24. Qe3 Qe7 25. Rdh1 e5 26. Rxh7 Qxh7 27. Rxh7
Kxh7 28. Ne2 Nf6 29. Qg5 Rae8 30. Ng3 Ng8 31. a4 Bc6 32. axb5 axb5 33. Qh4+ Kg7
34. Qg4 Kh7 35. Ne2 Nf6 36. Qh3+ Nh5 37. Nc3 b4 38. Nd5 b3 39. cxb3 Kg7 40. Qg4
Nf4 41. Bc4 Ne6 42. Ne3 Nd4 43. Bd3 Rf4 44. Qg2 Nxf3 45. b4 Ne1 46. Qg5 Nxd3 47.
Nf5+ Rxf5 48. exf5 Nf4 49. f6+ Kf7 50. b3 Nd5 51. Qc1 e4 0-1

[Event "51st World Juniors"]
[Site "Athens GRE"]
[Date "2012.08.14"]
[Round "12.35"]
[White "Farid, Firman Syah"]
[Black "Aghayev, Miragha"]
[Result "1-0"]
[WhiteTitle "CM"]
[WhiteElo "2318"]
[BlackElo "2187"]
[WhiteFideId "7102526"]
[BlackFideId "818070"]
[EventDate "2012.08.02"]

1. e4 c5 2. Nf3 d6 3. d4 cxd4 4. Nxd4 Nf6 5. Nc3 a6 6. Bg5 e6 7. f4 Qb6 8. Qd2
Qxb2 9. Rb1 Qa3 10. f5 Nc6 11. fxe6 fxe6 12. Nxc6 bxc6 13. e5 dxe5 14. Bxf6 gxf6
15. Ne4 Be7 16. Be2 h5 17. Rb3 Qa4 18. Nxf6+ Bxf6 19. c4 Ra7 20. O-O Be7 21. Rb8
Rc7 22. Qd3 h4 23. Bd1 Qa3 24. Bh5+ Rxh5 25. Qg6+ Kd7 26. Rd1+ Bd6 27. Qxh5 Qc5+
28. Kh1 Ke7 29. Qxh4+ Ke8 30. Qh5+ Ke7 31. Qh7+ Ke8 32. Qg8+ Bf8 33. Rxc8+ 1-0

[Event "51st World Juniors"]
[Site "Athens GRE"]
[Date "2012.08.14"]
[Round "12.36"]
[White "Arat, Ufuk Sezen"]
[Black "Brown, Andrew"]
[Result "1-0"]
[BlackTitle "IM"]
[WhiteElo "2124"]
[BlackElo "2296"]
[WhiteFideId "6309089"]
[BlackFideId "3206513"]
[EventDate "2012.08.02"]

1. e4 c5 2. Nc3 Nc6 3. g3 g6 4. Bg2 Bg7 5. d3 d6 6. Be3 Nf6 7. h3 O-O 8. Qd2 Rb8
9. Bh6 b5 10. Bxg7 Kxg7 11. f4 e5 12. Nf3 b4 13. Ne2 c4 14. O-O a5 15. Kh2 cxd3
16. cxd3 Ba6 17. g4 h6 18. Ng3 Rh8 19. Rf2 h5 20. gxh5 Nxh5 21. Nxh5+ Rxh5 22.
d4 Qb6 23. fxe5 dxe5 24. d5 Nd8 25. Rc1 Rc8 26. Rxc8 Bxc8 27. Rf1 f6 28. Qf2 Qd6
29. Rc1 Qa6 30. Qf1 Qxf1 31. Bxf1 Bg4 32. Nd2 Kf8 33. Kg3 Bd7 34. Rc7 Be8 35.
Be2 Rh8 36. Nb3 Nf7 37. Nc5 Kg8 38. Bc4 Nd6 39. Nb7 Rh7 40. Rxh7 Nxe4+ 41. Kf3
Ng5+ 42. Ke3 Nxh7 43. d6+ Kg7 44. Nc5 Nf8 45. Ne6+ Kg8 46. Nc7+ Bf7 47. Bb5 Kg7
48. d7 Nxd7 49. Bxd7 Bxa2 50. Be6 Bb1 51. Bb3 Kh6 52. Ne8 f5 53. Nd6 f4+ 54. Kf2
e4 55. Nc4 e3+ 56. Kf3 Bf5 57. Nxa5 Bxh3 58. Nc6 Bg4+ 59. Kg2 f3+ 60. Kg3 e2 61.
Kf2 g5 62. Ne5 Bh5 63. Be6 b3 64. Bd7 Kg7 65. Bg4 Bxg4 66. Nxg4 Kg6 67. Ne5+ Kf5
68. Nxf3 g4 69. Nd2 e1=Q+ 70. Kxe1 g3 71. Nxb3 Ke4 72. Nc1 Kf4 73. Kf1 Kf3 74.
b4 Ke4 75. Kg2 Kd4 76. Kxg3 Kc4 77. Na2 1-0

[Event "51st World Juniors"]
[Site "Athens GRE"]
[Date "2012.08.14"]
[Round "12.37"]
[White "Velten, Paul"]
[Black "Kourkoulos-Arditis, Stamatis"]
[Result "1-0"]
[WhiteTitle "FM"]
[WhiteElo "2366"]
[BlackElo "2109"]
[WhiteFideId "681091"]
[BlackFideId "4221990"]
[EventDate "2012.08.02"]

1. Nf3 Nf6 2. g3 b6 3. Bg2 Bb7 4. d4 c5 5. dxc5 bxc5 6. c4 g6 7. b3 Bg7 8. Bb2
O-O 9. O-O d6 10. Nc3 Nbd7 11. Qc2 Rb8 12. Rab1 Bc6 13. e4 Qc8 14. Rfe1 Qb7 15.
Nd5 Rfe8 16. Rbd1 a5 17. e5 Nxd5 18. cxd5 Bxd5 19. Rxd5 Qxd5 20. Ng5 Qxg2+ 21.
Kxg2 Nxe5 22. Bxe5 Bxe5 23. Qc4 e6 24. Qh4 h5 25. Rxe5 dxe5 26. Ne4 Rb4 27. Nf6+
Kf8 28. Qg5 Rd8 29. Nh7+ Ke8 30. Qxe5 Rd2 31. Qxc5 1-0

[Event "51st World Juniors"]
[Site "Athens GRE"]
[Date "2012.08.14"]
[Round "12.38"]
[White "Vasques, Antonio Pedro Freixial"]
[Black "Valsecchi, Alessio"]
[Result "0-1"]
[BlackTitle "IM"]
[WhiteElo "2214"]
[BlackElo "2427"]
[WhiteFideId "1908332"]
[BlackFideId "818860"]
[EventDate "2012.08.02"]

1. e4 e5 2. Nf3 Nc6 3. Bb5 a6 4. Ba4 Nf6 5. O-O b5 6. Bb3 Bc5 7. a4 Rb8 8. axb5
axb5 9. c3 d6 10. d4 Bb6 11. h3 O-O 12. Re1 h6 13. Na3 exd4 14. cxd4 Na5 15. Bc2
b4 16. Nb5 d5 17. exd5 Ba6 18. Bd3 Nxd5 19. Ne5 c5 20. dxc5 Bxc5 21. Nd4 Bxd3
22. Qxd3 Bxd4 23. Qxd4 Nb3 24. Qg4 Nxa1 25. Bxh6 Qf6 26. Bg5 Qe6 27. Qxe6 fxe6
28. Rxa1 Rf5 29. Bh4 Rc8 30. Re1 Rc2 31. b3 Nf4 32. Nf3 Rb2 33. Be7 Nxh3+ 34.
gxh3 Rxf3 35. Bxb4 Rfxf2 36. Rxe6 Rg2+ 37. Kf1 Rh2 38. Re8+ Kh7 39. Bc5 Rb1+ 0-1

[Event "51st World Juniors"]
[Site "Athens GRE"]
[Date "2012.08.14"]
[Round "12.39"]
[White "Ashiku, Franc"]
[Black "Dimitrov, Radoslav"]
[Result "0-1"]
[BlackTitle "IM"]
[WhiteElo "2152"]
[BlackElo "2424"]
[WhiteFideId "4700066"]
[BlackFideId "2908549"]
[EventDate "2012.08.02"]

1. e4 c6 2. d4 g6 3. g3 Bg7 4. Bg2 d6 5. a4 a5 6. Ne2 Nf6 7. O-O O-O 8. h3 Na6
9. Be3 e5 10. Nbc3 Nb4 11. f4 exd4 12. Nxd4 Re8 13. g4 Nxe4 14. Nxe4 d5 15. c3
Na6 16. Nb3 Qc7 17. Bd4 Bxd4+ 18. Qxd4 dxe4 19. Bxe4 Be6 20. Nd2 Rad8 21. Qf2
Nc5 22. f5 Rxd2 23. Qxd2 Nxe4 24. Qe3 Bc4 25. Rf4 Nf6 26. Qd4 Nd5 27. Rf3 Re2 0-1

[Event "51st World Juniors"]
[Site "Athens GRE"]
[Date "2012.08.14"]
[Round "12.40"]
[White "Malikentzos, Sotirios"]
[Black "Stathopoulos, Ioannis"]
[Result "1-0"]
[WhiteTitle "FM"]
[WhiteElo "2337"]
[BlackElo "2216"]
[WhiteFideId "4215079"]
[BlackFideId "4223098"]
[EventDate "2012.08.02"]

1. Nf3 Nf6 2. c4 g6 3. g3 Bg7 4. Bg2 O-O 5. O-O d6 6. Nc3 Nc6 7. d3 e5 8. Rb1 a5
9. a3 Nh5 10. b4 axb4 11. axb4 f5 12. Bg5 Qd7 13. Nd5 h6 14. b5 hxg5 15. bxc6
bxc6 16. Nxg5 Qd8 17. h4 f4 18. Nb4 Bg4 19. Nxc6 Qe8 20. Rb7 e4 21. Bxe4 fxg3
22. Rxc7 gxf2+ 23. Rxf2 Rxf2 24. Kxf2 Nf4 25. Qd2 Be5 26. Qxf4 1-0

[Event "51st World Juniors"]
[Site "Athens GRE"]
[Date "2012.08.14"]
[Round "12.41"]
[White "Kleinman, Michael"]
[Black "Sreeves, Clement"]
[Result "0-1"]
[WhiteTitle "FM"]
[WhiteElo "2330"]
[BlackElo "2191"]
[WhiteFideId "2609479"]
[BlackFideId "2402564"]
[EventDate "2012.08.02"]

1. e4 e5 2. Nf3 Nc6 3. Bb5 a6 4. Ba4 Nf6 5. O-O Be7 6. Re1 b5 7. Bb3 d6 8. c3
O-O 9. h3 Na5 10. Bc2 c5 11. d4 Qc7 12. d5 Nc4 13. b3 Nb6 14. a4 bxa4 15. bxa4
Nc4 16. Nfd2 Nxd2 17. Nxd2 Bd7 18. Nc4 Rfb8 19. f4 Ne8 20. a5 Bh4 21. Rf1 Bb5
22. Bd3 Bxc4 23. Bxc4 exf4 24. Qd3 g5 25. Kh1 Qe7 26. Bd2 Nf6 27. Be1 Bxe1 28.
Rfxe1 Nd7 29. Bxa6 Ne5 30. Qf1 Qc7 31. Ra4 c4 32. Bxc4 Rxa5 33. Rxa5 Qxa5 34.
Rc1 Rc8 35. Be2 Rxc3 36. Qe1 Rxc1 37. Qxc1 Qc5 38. Qxc5 dxc5 39. Kg1 Kf8 40. Kf2
Ke7 41. Ke1 Kd6 42. Kd2 Ng6 43. Kc3 Nh4 44. Kc4 f6 45. Bf1 f3 46. gxf3 Nxf3 47.
Be2 Ne5+ 48. Kc3 Ng6 49. Kd2 Ke5 50. Kc3 Nf4 51. Bg4 Kd6 52. Kd2 h6 53. Bf5 Ke5
54. Kc3 Ne2+ 55. Kc4 Kd6 56. Kd3 Ng3 57. Bg4 Ke5 58. Bf3 f5 59. exf5 Nxf5 60.
Kc4 Kd6 61. Kd3 Ne7 62. Ke4 Nxd5 63. Kf5 Ne7+ 64. Kf6 c4 65. Kg7 c3 66. Bd1 h5 0-1

[Event "51st World Juniors"]
[Site "Athens GRE"]
[Date "2012.08.14"]
[Round "12.42"]
[White "Podolsky, Anton"]
[Black "Papasimakopoulos, Alexandros"]
[Result "1-0"]
[WhiteElo "2246"]
[BlackElo "2126"]
[WhiteFideId "14119668"]
[BlackFideId "4244125"]
[EventDate "2012.08.02"]

1. e4 e6 2. d4 d5 3. Nc3 Bb4 4. e5 c5 5. a3 Ba5 6. Bd2 cxd4 7. Nb5 Bc7 8. f4 Nc6
9. Nf3 Nge7 10. Bd3 Nf5 11. Qe2 Bb8 12. g4 Nh4 13. Nfxd4 a6 14. Nxc6 bxc6 15.
Nd6+ Bxd6 16. exd6 c5 17. Qf2 c4 18. Be2 d4 19. Qxd4 Bb7 20. O-O-O Bxh1 21. Qxg7
Ng6 22. f5 exf5 23. gxf5 Bd5 24. fxg6 Kd7 25. gxh7 Qh4 26. Bg4+ Kc6 27. Qd4 Rxh7
28. Be3 1-0

[Event "51st World Juniors"]
[Site "Athens GRE"]
[Date "2012.08.14"]
[Round "12.43"]
[White "Vaicekauskas, Gytis"]
[Black "Larmuseau, Maarten"]
[Result "1-0"]
[WhiteElo "2079"]
[BlackElo "2245"]
[WhiteFideId "12805459"]
[BlackFideId "209988"]
[EventDate "2012.08.02"]

1. e4 e6 2. d4 d5 3. exd5 exd5 4. Bd3 Nc6 5. c3 Bd6 6. Qf3 Nge7 7. Ne2 Be6 8.
Bf4 Qd7 9. h3 O-O-O 10. Nd2 Kb8 11. O-O-O h6 12. Bxd6 Qxd6 13. Nf4 g5 14. Nxe6
fxe6 15. Qe2 e5 16. dxe5 Nxe5 17. Bc2 d4 18. cxd4 N5c6 19. Nf3 Nd5 20. Qc4 Rhf8
21. Kb1 Nf4 22. Be4 Ne7 23. Ne5 Nfd5 24. Bf3 Nf5 25. Qb3 c6 26. Rhe1 Nh4 27. Be4
Rxf2 28. Rf1 Rxf1 29. Rxf1 Nb6 30. Nf7 Qxd4 31. Nxd8 Qxe4+ 32. Qc2 Qxc2+ 33.
Kxc2 Kc8 34. g3 Ng6 35. Nf7 Nd5 36. Re1 Nge7 37. Nxh6 Kd7 38. Nf7 Nf5 39. g4
Nfe7 1-0

[Event "51st World Juniors"]
[Site "Athens GRE"]
[Date "2012.08.14"]
[Round "12.44"]
[White "Carbone, Diego"]
[Black "Gantar, Jan"]
[Result "0-1"]
[WhiteElo "2069"]
[BlackElo "2218"]
[WhiteFideId "3002179"]
[BlackFideId "14607875"]
[EventDate "2012.08.02"]

1. d4 Nf6 2. c4 c5 3. d5 e6 4. Nc3 exd5 5. cxd5 d6 6. g3 g6 7. Bg2 Bg7 8. Nf3
O-O 9. O-O Re8 10. Bf4 a6 11. a4 Nh5 12. Bg5 Qc7 13. h3 Nd7 14. g4 Nhf6 15. Bf4
Ne4 16. Qc2 Nxc3 17. bxc3 Rb8 18. e4 b5 19. Rab1 Ne5 20. Nd2 Bd7 21. Bg3 g5 22.
axb5 axb5 23. f4 gxf4 24. Rxf4 Ng6 25. Rf2 Be5 26. Bxe5 dxe5 27. Rbf1 Nf4 28.
Nf3 f6 29. Kh2 Re7 30. Qd2 Qd6 31. Ra1 b4 32. cxb4 cxb4 33. Bf1 Rb6 34. Bc4 Re8
35. Bb3 Rc8 36. g5 fxg5 37. Nxg5 Rc3 38. Ra8+ Kg7 39. Ne6+ Bxe6 40. Rg2+ Kf6 41.
Qf2 Rxh3+ 42. Kg1 Ra6 43. Ra7 Rxa7 44. Qxa7 Nxg2 45. Qa8 Qc5+ 46. Kxg2 Rg3+ 0-1

[Event "51st World Juniors"]
[Site "Athens GRE"]
[Date "2012.08.14"]
[Round "12.45"]
[White "Koutoukidis, Panagiotis"]
[Black "Nishant, Malhotra"]
[Result "1/2-1/2"]
[WhiteElo "2167"]
[BlackElo "2076"]
[WhiteFideId "4244702"]
[BlackFideId "5099129"]
[EventDate "2012.08.02"]

1. e4 c6 2. Nc3 d5 3. Nf3 Bg4 4. h3 Bxf3 5. Qxf3 e6 6. d3 Bd6 7. Bd2 Ne7 8.
O-O-O Nd7 9. g3 d4 10. Nb1 b5 11. Qg4 O-O 12. f4 c5 13. Bg2 Rc8 14. e5 Bb8 15.
Be4 c4 16. Bb4 Nc5 17. Bxc5 Rxc5 18. dxc4 bxc4 19. Qf3 Nf5 20. Rhe1 Ra5 21. g4
Ne7 22. Qf2 Rxa2 23. Qxd4 Qc7 24. Re3 a6 25. Ra3 Rxa3 26. Nxa3 Ba7 27. Qxc4 Be3+
28. Kb1 Qxc4 29. Nxc4 Bxf4 30. Rd6 a5 31. Ra6 Rc8 32. b3 Nd5 33. Bxd5 exd5 34.
Nb6 Re8 35. Nxd5 Bxe5 36. Rxa5 h5 37. b4 hxg4 38. hxg4 g6 39. b5 f5 40. gxf5
gxf5 41. b6 f4 42. Nc7 Bxc7 43. bxc7 Kf7 44. Rf5+ Ke6 45. Rxf4 Kd7 46. Rc4 Kc8
47. Kb2 Re3 48. Rc3 Re4 49. Kb3 Rh4 50. Rc4 Rh3+ 51. Kb4 Rh5 52. Rc5 Rh4+ 53.
Kb5 Rh6 54. c4 Rf6 55. Rh5 Kxc7 56. Rh7+ Kc8 57. c5 Rg6 58. Rf7 Rh6 59. Rf1 Kc7
60. Ra1 Kb7 61. Rg1 Kc7 62. Rg8 Rf6 63. Rg7+ Kc8 64. c6 Rf1 65. Rg8+ Kc7 66.
Rg7+ Kc8 67. Rg8+ Kc7 1/2-1/2